Graceful living 50 reflections for a harmonious life : (Record no. 181574)

MARC details
000 -LEADER
fixed length control field 00525nam a22001817a 4500
005 - DATE AND TIME OF LATEST TRANSACTION
control field 20210923164205.0
010 ## - LCCN (DPL NO)
LC control number ENG-129960
020 ## - INTERNATIONAL STANDARD BOOK NUMBER
Terms of availability 495.00
International Standard Book Number 978-93-5388-728-5
035 ## - SYSTEM CONTROL NUMBER
System control number EN-113492
037 ## - SOURCE OF ACQUISITION
Source of stock number/acquisition DBAD/PUB
082 ## - DEWEY DECIMAL CLASSIFICATION NUMBER
Classification number 158.1
100 ## - MAIN ENTRY--PERSONAL NAME
Personal name Sackrule,Arthur A.
245 ## - TITLE STATEMENT
Title Graceful living 50 reflections for a harmonious life :
Statement of responsibility, etc Arthur A. Sackrule
260 ## - PUBLICATION, DISTRIBUTION, ETC. (IMPRINT)
Name of publisher, distributor, etc Sage
Date of publication, distribution, etc 2021
270 ## - ADDRESS
City New Delhi
Address BI/1-1 Mohan Cooperative Industrial Area
Postal code 110044
300 ## - PHYSICAL DESCRIPTION
Extent xvii,268p.
Dimensions 25cm (pbk)
942 ## - ADDED ENTRY ELEMENTS (KOHA)
Source of classification or shelving scheme Dewey Decimal Classification
Item type English Books
Call number suffix SAC
Holdings
Withdrawn status Lost status Not for loan Collection code Home library Current library Date acquired Source of acquisition Cost, normal purchase price Full call number Barcode Copy number Cost, replacement price Koha item type
      Non-fiction Shahdara Branch Shahdara Branch 23/09/2021 DBAD/PUB 495.00 158.1 SAC EN-113492 1 495.00 English Books

© Delhi Public Library
Hit Counter
free hit counter